000 00651nam a2200241Ia 4500
003 OSt
005 20221005090735.0
006 a|||||r|||| 00| 0
007 ta
008 221004b |||||||| |||| 00| 0 eng d
024 _a18210
037 _bGift, 29/05/2015,
_cTextual
040 _aCRL
_cCRL
_beng
041 _2eng
_aeng
082 _aO122,3M731x, J7
100 _aColette
_961628
245 0 _aSix novels
260 _aNew York
_bModern Library U.S.A
_c1957
300 _a695p.
_ccm.
650 _aENGLISH LITERATURE
942 _hO122,3M731x, J7
_cTEXL
_2cc
999 _c996293
_d996293